Is the future of the world tied to English-speaking population?
Námety na diskusiu v súvislosti s dominantným postavením angličtiny v modernom globalizovanom svete. Stručný prehľad vývoja anglického jazyka. Pozitívum existencie jedného globálneho jazyka pre komunikáciu, negatíva takejto situácie. Konštatovanie, že angličtina pravdepodobne najviac spĺňa všetky at...
Salvato in:
| Autore principale: | |
|---|---|
| Natura: | Capitolo di libro |
| Lingua: | inglese |
| Soggetti: | |
| Tags: |
Nessun Tag, puoi essere il primo ad aggiungerne!!
|
MARC
| LEADER | 00000naa a2200000 4500 | ||
|---|---|---|---|
| 001 | 0146545 | ||
| 005 | 20240502083337.8 | ||
| 041 | 0 | |a eng | |
| 044 | |a CZ | ||
| 245 | 1 | 0 | |a Is the future of the world tied to English-speaking population? |c Mária Bláhová |
| 520 | |a Námety na diskusiu v súvislosti s dominantným postavením angličtiny v modernom globalizovanom svete. Stručný prehľad vývoja anglického jazyka. Pozitívum existencie jedného globálneho jazyka pre komunikáciu, negatíva takejto situácie. Konštatovanie, že angličtina pravdepodobne najviac spĺňa všetky atribúty stať sa moderným celosvetovým komunikačným prostriedkom. | ||
| 610 | 2 | 0 | |a jazyky cudzie |
| 610 | 2 | 0 | |a angličtina |
| 610 | 2 | 0 | |a história |
| 610 | 2 | 0 | |a komunikácia |
| 610 | 2 | 0 | |a komunikácia multikultúrna |
| 610 | 2 | 0 | |a globalizácia |
| 100 | 1 | |a Bláhová, Mária | |